LEADER 01058nam a2200289 i 4500 001 991001020089707536 005 20020507105220.0 008 970307s1964 uk ||| | eng 035 $ab10162409-39ule_inst 035 $aLE00640851$9ExL 040 $aDip.to Fisica$bita 084 $a510.42 084 $a510.46.40 084 $aQA404 100 1 $aLighthill, F.$0462500 245 10$aIntroduction to Fourier analysis and generalised functions /$cF. Lighthill 260 $aCambridge :$bCambridge University Press,$c1964 300 $a79 p. :$bill. ;$c22 cm. 490 0 $aCambridge monographs on mechanics and applied mathematics 650 4$aFourier series 650 4$aFunctions (Mathematics) 907 $a.b10162409$b17-02-17$c27-06-02 912 $a991001020089707536 945 $aLE006 510.42 LIG$g1$i2006000021869$lle006$o-$pE0.00$q-$rl$s- $t0$u1$v0$w1$x0$y.i10196778$z27-06-02 996 $aIntroduction to Fourier analysis and generalised functions$9188761 997 $aUNISALENTO 998 $ale006$b01-01-97$cm$da $e-$feng$guk $h0$i1 LEADER 01317nam0 22003133i 450 001 CAG0068720 005 20251003044102.0 010 $a8819010739 100 $a20210322d1998 ||||0itac50 ba 101 | $aita 102 $ait 181 1$6z01$ai $bxxxe 182 1$6z01$an 183 1$6z01$anc$2RDAcarrier 200 1 $aCome gestire un'azienda agrituristica$eprofili giuridici - adempimenti amministrativi obblighi fiscali - normativa U.E., nazionale, provinciale e regionale$fSilla Di Caccia 205 $a3. ed 210 $aRoma$cBuffetti$d\1998! 215 $aV, 377 p.$d24 cm. 225 | $aGuide d'azienda 410 0$1001CFI0002727$12001 $aGuide d'azienda 700 1$aDi Ciaccia$b, Silla$3CFIV065450$4070$0411025 801 3$aIT$bIT-000000$c20210322 850 $aIT-BN0095 901 $bNAP 01$cPOZZO LIB.$nVi sono collocati fondi di economia, periodici di ingegneria e scienze, periodici di economia e statistica e altri fondi comprendenti documenti di economia pervenuti in dono. 912 $aCAG0068720 950 0$aBiblioteca Centralizzata di Ateneo$c1 v.$d 01POZZO LIB.ECON MON 3568$e 0101 0000129115E VMA 1 v.$fB $h20210322$i20210322 977 $a 01 996 $aCome gestire un'azienda agrituristica$9624832 997 $aUNISANNIO